Statystyki dla Największe miasto Począwszy od E w tym kraju

Kliknij tutaj aby rozwiązać quiz!

Ogólne statystyki

  • Ten quiz został rozwiązany 61 razy
  • Średni wynik to 4 z 12

Statystyki odpowiedzi

KrajE Miasto% Poprawnych
PolskaElbląg
91%
ArmeniaErywań
84%
Wielka BrytaniaEdynburg
70%
NiemcyEssen
46%
HolandiaEindhoven
35%
KanadaEdmonton
30%
FinlandiaEspoo
28%
DaniaEsbjerg
26%
WłochyErcolano
5%
Stany ZjednoczoneEl Paso
5%
MeksykEcatepec de Morelos
4%
SzwecjaEskilstuna
2%

Rozkład punktacji

Percentyl według liczby udzielonych odpowiedzi

Procent ludzi z każdym wynikiem

Twoja historia wyników

Nie rozwiązałeś tego quizu